000 00670nam a22002297a 4500
005 20241206124639.0
008 241206b ||||| |||| 00| 0 eng d
020 _a9789391155261
040 _cAL
041 _aeng
082 _223
_a342
_bVARN
100 _aDavis Panadan Varghese
_9188273
245 _aNew Trends in Administrative Law
260 _aBengaluru
_bMPP House
_c2025
300 _a713p.
_bPB
_c23x15cm.
365 _2Law
_a1060
_b653.35
_c
_d895.00
_e27%
_f28-11-2024
650 _aNatural Justice
_9188274
650 _aOrdinate Legislation
_9188275
650 _aDiscretion
_9188276
700 _aVARGHESE (Davis Panadan)
_9188277
942 _2ddc
_cBK
999 _c232200
_d232200